00927nam a2200193 a 450000100100000000500170001000800410002704000250006808200150009310000290010824501340013726000560027130000200032750000640034704900090041195201820042095201140060299900170071600003456720200930073754.0111006s1909 dr 000 0 spa d aDO-SdBNPbspacBNPHU axxxxbC3551 aCastro, Rafael S.96000110a¿Cuál es la suerte de los actos de dispoción i de administración realizados por el heredero aparente? /cRafael S. Castro. aSanto Domingo :bImprenta Cuna de América,c1909. a31 p. ;c23 cm. aTesis para la licenciatura en Bachiller en Letras y Ciencia aBNPD 0010718PDaPDbPDcCTd2011-10-06iLF1l0oxxxx C355p34567-10r2020-06-25w2020-06-25yLFPDzPerteneció a la biblioteca personal de Carlos Larrazábal BlancoZNo se presta 00107-18PDaGRbGRcOId2011-10-10iLF1l0oxxxx C355p34568-10r2020-06-25w2020-06-25yLFPDZNo se presta c34058d34058